| 000 | 00403nam a2200157Ia 4500 | ||
|---|---|---|---|
| 008 | 230524s9999 xx 000 0 und d | ||
| 082 |
_a617.5 _bBLA |
||
| 100 |
_aJonathan Black _923452 |
||
| 245 | 0 | _aBiological Perfermance of Materials | |
| 250 | _a2ND | ||
| 260 |
_aNEWYORK _b"Marcel Dekker,Inc" _c1992 |
||
| 300 | _aVIII;377 | ||
| 500 | _aQuantity Number: 1 | ||
| 650 | _aBiomedical | ||
| 942 | _cBK | ||
| 999 |
_c35028 _d35028 |
||